History and culture of the oraon tribe : (Record no. 123044)

MARC details
000 -LEADER
fixed length control field 00825nam a22002537a 4500
003 - CONTROL NUMBER IDENTIFIER
control field 0
005 - DATE AND TIME OF LATEST TRANSACTION
control field 20180726151806.0
008 - FIXED-LENGTH DATA ELEMENTS--GENERAL INFORMATION
fixed length control field 0
010 ## - LIBRARY OF CONGRESS CONTROL NUMBER
LC control number B-092551
020 ## - INTERNATIONAL STANDARD BOOK NUMBER
International Standard Book Number 9788174451965
Terms of availability 500.00
035 ## - SYSTEM CONTROL NUMBER
System control number B-092551, B-092552
037 ## - SOURCE OF ACQUISITION
Source of stock number/acquisition Cen Lib/Ret
040 ## - CATALOGING SOURCE
Original cataloging agency DPL
Language of cataloging EN
Transcribing agency 0
082 ## - DEWEY DECIMAL CLASSIFICATION NUMBER
Classification number 306.0895553
Item number GHO
100 ## - MAIN ENTRY--PERSONAL NAME
Personal name Ghosh, Abhik
9 (RLIN) 72149
245 ## - TITLE STATEMENT
Title History and culture of the oraon tribe :
Remainder of title some aspects of their social life /
Statement of responsibility, etc by Abhik Ghosh
260 ## - PUBLICATION, DISTRIBUTION, ETC. (IMPRINT)
Place of publication, distribution, etc New Delhi
Name of publisher, distributor, etc Mohit Publications
Date of publication, distribution, etc 2003
270 ## - ADDRESS
Address 4675/21, Ansari Road, Darya Ganj
City New Delhi
Postal code 110002
300 ## - PHYSICAL DESCRIPTION
Extent xi,137p.
Dimensions 22cm(Hb)
500 ## - GENERAL NOTE
General note Includes bibliographical references and index
650 ## - SUBJECT ADDED ENTRY--TOPICAL TERM
Topical term or geographic name as entry element Historical Background -- Oraon
9 (RLIN) 72150
650 ## - SUBJECT ADDED ENTRY--TOPICAL TERM
Topical term or geographic name as entry element Social life -- Oraon
9 (RLIN) 72151
942 ## - ADDED ENTRY ELEMENTS (KOHA)
Source of classification or shelving scheme Dewey Decimal Classification
Koha item type English Books
Classification part 306.0895553
Call number suffix GHO
Holdings
Withdrawn status Lost status Damaged status Not for loan Home library Current library Date acquired Source of acquisition Cost, normal purchase price Total Checkouts Full call number Barcode Date last seen Copy number Cost, replacement price Price effective from Koha item type Source of classification or shelving scheme Collection code
        Central Library Central Library 02/06/2015 Cen Lib/Ret 500.00   306.0895553 GHO B-092551 02/06/2015 1 500.00 15/09/2016 English Books    
        Patel Nagar Patel Nagar 26/07/2018 BPPD/PUB 500.00   306.0895553 GHO B-092552 26/07/2018   500.00 26/07/2018 English Books Dewey Decimal Classification Non-fiction

© Delhi Public Library
Hit Counter
free hit counter